Directory of scientific instruments and components manufactured in India (Record no. 8375)

MARC details
000 -LEADER
fixed length control field 00582nam a2200157Ia 4500
003 - CONTROL NUMBER IDENTIFIER
control field IN-BaIIA
008 - FIXED-LENGTH DATA ELEMENTS--GENERAL INFORMATION
fixed length control field 211028s9999 xx 000 0 eng d
040 ## - CATALOGING SOURCE
Transcribing agency IIA Library
080 ## - UNIVERSAL DECIMAL CLASSIFICATION NUMBER
Universal Decimal Classification number (058):658.5(540)
Item number DIR
245 #0 - TITLE STATEMENT
Title Directory of scientific instruments and components manufactured in India
Statement of responsibility, etc. edited by S. R. Taneja
260 ## - PUBLICATION, DISTRIBUTION, ETC.
Place of publication, distribution, etc. New Delhi
Name of publisher, distributor, etc. Central Scientific Instruments Organisation
Date of publication, distribution, etc. 1985
300 ## - PHYSICAL DESCRIPTION
Extent [various pagings.]
650 ## - SUBJECT ADDED ENTRY--TOPICAL TERM
Topical term or geographic name entry element Directory-Scientific instruments-India
9 (RLIN) 14045
700 ## - ADDED ENTRY--PERSONAL NAME
Personal name Taneja, S. R., ed.
9 (RLIN) 14046
942 ## - ADDED ENTRY ELEMENTS (KOHA)
Koha item type Books
Holdings
Withdrawn status Lost status Damaged status Not for loan Home library Current library Shelving location Date acquired Total Checkouts Full call number Barcode Date last seen Price effective from Koha item type
        IIA Library-Bangalore IIA Library-Bangalore General Stacks 06/08/1985   (058):658.5(540)/ DIR 9224 05/11/2021 06/08/1985 Books

Powered by Koha